00750nam a22001937a 450000100060000000300090000600500170001500800480003204000220008010000280010224501110013026000720024130000260031349000640033950400300040370000210043370000350045483000670048900260DO-SdBNP20180130101840.0151126b 1996 dr xxu||||| |||| 00| 0 spa d aBPMSUbspacBPMSU1 aArboleda de Roa, Lucero10aLa búsqueda bibliográfica /c Lucero Arboleda de Roa, Manuel de Jesús Roa Santana, Nelly C. Piña. aLa Paz, Bolivia : bOrganización Panamericana de la Salud,c1996. a60 p. :bil.c30 cm. 1 a introducción a la metodología de la investigaciónv2 aBibliografía : p. 59-6012aPiña, Nelly C.12aRoa Santana, Manuel de Jesús 0a introducción a la metodología de la investigación ; n2